000 00532nam a2200181Ia 4500
005 20250508150519.0
008 008 250505s9999 xx 000 0 eng d
037 _aBooks to be hide in OPAC
040 _aFEDL
_beng
_cFEDL
041 _aeng
_2eng
084 _a731.252, JAG/O
_qFEDL
100 _aJagger Sargeant
_9756879
245 0 _aModelling and sculpture in the making
260 _aLondon, UK
_bThe Studio Publications
_c1933
300 _a79p.
942 _cHB
_h731.252, JAG/O
999 _c1324000
_d1324000